000 01776nam a22002057a 4500
008 250117e20241210xxk|||||o|||| 00| 0 eng d
041 _aeng
110 _aRoyal Institution of Chartered Surveyors
245 _aUK Residential Market Survey
_bDecember 2024
_h[Electronic resource]
260 _aLondon,
_bRoyal Institution of Chartered Surveyors,
_cJanuary 2025
300 _a17p
490 _aRICS UK Residential Market Survey
520 _aThe December 2024 RICS Residential Market Survey results point to the slightly brighter picture seen over recent months remaining in place, with most activity metrics still in modestly positive territory. That said, while near-term expectations are, for the time being, consistent with this trend being broadly sustained over the coming months, the macroeconomic environment looks to have turned more challenging of late. Indeed, the recent rise in bond yields along with other lending rates, if sustained, may prove to be a significant headwind moving forward. During the final month of the year, a headline net balance of +5% of respondents cited an increase in new buyer enquiries. This is slightly down from the +11% reading registered in each of two previous months and does in fact mark the least positive return since July. As such, the December figure is signalling a flatter trend now coming through in terms of buyer demand
650 _aHOUSING MARKET
650 _aRESIDENTIAL PROPERTY
651 _aUnited Kingdom
710 _aRoyal Institution of Chartered Surveyors
856 _uhttps://www.rics.org/content/dam/ricsglobal/documents/market-surveys/uk-residential-market-survey/December_2024_RICS_UK_Residential_Market_Survey.pdf
_zAvailable free on RICS.org
942 _n0
999 _c122089
_d122089